NFL Top 10 Receiving Touchdowns 2020s - Statistics

General Stats
  • This quiz has been taken 51 times
  • The average score is 63 of 78
Answer Stats
Year Team Player % Correct
2025: 2 Lions Amon-Ra St. Brown
100%
2024: 3 Lions Amon-Ra St. Brown
100%
2023: 4 Lions Amon-Ra St. Brown
100%
2025: 1 Rams Davante Adams
100%
2023: 8 Raiders Davante Adams
100%
2022: 1 Raiders Davante Adams
100%
2021: 5 Packers Davante Adams
100%
2020: 1 Packers Davante Adams
100%
2024: 1 Bengals Ja'Marr Chase
100%
2022: 6 Bengals Ja'Marr Chase
100%
2021: 3 Bengals Ja'Marr Chase
100%
2024: 4 Buccaneers Mike Evans
100%
2023: 2 Buccaneers Mike Evans
100%
2021: 2 Buccaneers Mike Evans
100%
2020: 4 Buccaneers Mike Evans
100%
2022: 4 Eagles A.J. Brown
98%
2020: 6 Titans A.J. Brown
98%
2025: 7 Seahawks Jaxon Smith-Njigba
98%
2024: 6 Vikings Justin Jefferson
98%
2021: 6 Vikings Justin Jefferson
98%
2025: 6 Rams Puka Nacua
98%
2023: 1 Dolphins Tyreek Hill
98%
2021: 9 Chiefs Tyreek Hill
98%
2020: 2 Chiefs Tyreek Hill
98%
2023: 3 Cowboys CeeDee Lamb
95%
2022: 7 Cowboys CeeDee Lamb
95%
2024: 5 Ravens Mark Andrews
95%
2021: 10 Ravens Mark Andrews
95%
2025: 5 Bengals Tee Higgins
95%
2024: 8 Bengals Tee Higgins
95%
2022: 2 Chiefs Travis Kelce
95%
2021: 10 Chiefs Travis Kelce
95%
2020: 5 Chiefs Travis Kelce
95%
2021: 1 Rams Cooper Kupp
93%
2025: 9 Cowboys George Pickens
93%
2023: 9 Bills Stefon Diggs
93%
2022: 3 Bills Stefon Diggs
93%
2021: 7 Bills Stefon Diggs
93%
2024: 2 Redskins Terry McLaurin
93%
2024: 9 Falcons Drake London
90%
2020: 10 Steelers JuJu Smith-Schuster
90%
2024: 7 Jaguars Brian Thomas
88%
2023: 10 Seahawks D.K. Metcalf
88%
2021: 4 Seahawks D.K. Metcalf
88%
2020: 8 Seahawks D.K. Metcalf
88%
2025: 3 Cardinals Trey McBride
88%
2025: 8 Saints Chris Olave
85%
2023: 10 Bears D.J. Moore
83%
2022: 5 49ers George Kittle
83%
2023: 10 Jaguars Calvin Ridley
80%
2020: 10 Falcons Calvin Ridley
80%
2024: 10 Vikings Jordan Addison
80%
2023: 6 Vikings Jordan Addison
80%
2022: 9 Browns Amari Cooper
78%
2025: 4 Eagles Dallas Goedert
78%
2023: 10 Texans Nico Collins
78%
2022: 8 Seahawks Tyler Lockett
78%
2020: 9 Seahawks Tyler Lockett
78%
2021: 8 Vikings Adam Thielen
73%
2020: 3 Vikings Adam Thielen
73%
2023: 7 Broncos Courtland Sutton
73%
2025: 10 49ers Jauan Jennings
73%
2021: 10 Chargers Mike Williams
71%
2023: 5 Lions Sam LaPorta
63%
2023: 10 Packers Romeo Doubs
59%
2023: 10 Raiders Jakobi Meyers
54%
2024: 10 Ravens Rashod Bateman
51%
2021: 10 Patriots Hunter Henry
46%
2023: 10 Packers Jayden Reed
44%
2020: 10 Lions Marvin Jones
41%
2023: 10 Cowboys Brandin Cooks
39%
2020: 10 Raiders Darren Waller
39%
2021: 10 Bills Dawson Knox
34%
2021: 10 Raiders Hunter Renfrow
34%
2020: 10 Steelers Chase Claypool
17%
2024: 10 Titans Nick Westbrook-Ikhine
15%
2022: 10 Chiefs Jerick McKinnon
5%
2020: 7 Packers Robert Tonyan
5%
No matching quizzes found
Score Distribution
Percent of People with Each Score
Percentile by Number Answered
Your Score History
You have not taken this quiz